<?xml version="1.0" encoding="UTF-8"?>
<record
    xmlns:xsi="http://www.w3.org/2001/XMLSchema-instance"
    xsi:schemaLocation="http://www.loc.gov/MARC21/slim http://www.loc.gov/standards/marcxml/schema/MARC21slim.xsd"
    xmlns="http://www.loc.gov/MARC21/slim">

  <leader>00671nam a22001697a 4500</leader>
  <controlfield tag="005">20240530110334.0</controlfield>
  <controlfield tag="008">140902s1944    ua     gr     000 0 ara u</controlfield>
  <datafield tag="040" ind1=" " ind2=" ">
    <subfield code="a">EG-CaGPL</subfield>
  </datafield>
  <datafield tag="082" ind1="0" ind2="4">
    <subfield code="2">21</subfield>
    <subfield code="a">330.962</subfield>
    <subfield code="b">&#x645; &#x62A;</subfield>
  </datafield>
  <datafield tag="100" ind1="0" ind2=" ">
    <subfield code="a">&#x645;&#x62D;&#x645;&#x62F; &#x641;&#x647;&#x645;&#x649; &#x644;&#x647;&#x64A;&#x637;&#x647; </subfield>
  </datafield>
  <datafield tag="245" ind1="1" ind2="0">
    <subfield code="a">&#x62A;&#x627;&#x631;&#x64A;&#x62E; &#x645;&#x635;&#x631; &#x627;&#x644;&#x627;&#x642;&#x635;&#x627;&#x62F;&#x649; &#x641;&#x649; &#x627;&#x644;&#x639;&#x635;&#x648;&#x631; &#x627;&#x644;&#x62D;&#x62F;&#x64A;&#x62B;&#x647; /</subfield>
    <subfield code="c">&#x645;&#x62D;&#x645;&#x62F; &#x641;&#x647;&#x645;&#x649; &#x644;&#x647;&#x64A;&#x637;&#x647; </subfield>
  </datafield>
  <datafield tag="260" ind1=" " ind2=" ">
    <subfield code="a">&#x627;&#x644;&#x642;&#x627;&#x647;&#x631;&#x647; :</subfield>
    <subfield code="b">&#x645;&#x637;&#x628;&#x639;&#x647; &#x644;&#x62C;&#x646;&#x647; &#x627;&#x644;&#x62A;&#x627;&#x644;&#x64A;&#x641; &#x648;&#x627;&#x644;&#x62A;&#x631;&#x62C;&#x645;&#x629; &#x648;&#x627;&#x644;&#x646;&#x634;&#x631; &#x60C;</subfield>
    <subfield code="c">1944</subfield>
  </datafield>
  <datafield tag="300" ind1=" " ind2=" ">
    <subfield code="a">614 &#x635; &#x61B;</subfield>
    <subfield code="c">32&#x633;&#x645; </subfield>
  </datafield>
  <datafield tag="651" ind1="0" ind2="7">
    <subfield code="a">&#x645;&#x635;&#x631;</subfield>
    <subfield code="x">&#x627;&#x644;&#x62A;&#x627;&#x631;&#x64A;&#x62E; &#x627;&#x644;&#x627;&#x642;&#x62A;&#x635;&#x627;&#x62F;&#x649;</subfield>
  </datafield>
  <datafield tag="651" ind1="0" ind2="7">
    <subfield code="a">&#x645;&#x635;&#x631;</subfield>
    <subfield code="x">&#x627;&#x644;&#x627;&#x62D;&#x648;&#x627;&#x644; &#x627;&#x644;&#x627;&#x642;&#x62A;&#x635;&#x627;&#x62F;&#x64A;&#x629; </subfield>
    <subfield code="y">&#x627;&#x644;&#x639;&#x635;&#x631; &#x627;&#x644;&#x62D;&#x62F;&#x64A;&#x62B;</subfield>
  </datafield>
  <datafield tag="942" ind1=" " ind2=" ">
    <subfield code="2">ddc</subfield>
    <subfield code="c">BK</subfield>
  </datafield>
  <datafield tag="999" ind1=" " ind2=" ">
    <subfield code="c">59762</subfield>
    <subfield code="d">59762</subfield>
  </datafield>
  <datafield tag="952" ind1=" " ind2=" ">
    <subfield code="0">0</subfield>
    <subfield code="1">0</subfield>
    <subfield code="4">0</subfield>
    <subfield code="7">0</subfield>
    <subfield code="a">CAI</subfield>
    <subfield code="b">CAI</subfield>
    <subfield code="d">2014-09-02</subfield>
    <subfield code="l">0</subfield>
    <subfield code="o">330.962 &#x645; &#x62A;</subfield>
    <subfield code="p">158682</subfield>
    <subfield code="r">2022-10-05 00:00:00</subfield>
    <subfield code="w">2014-09-02</subfield>
    <subfield code="y">BK</subfield>
  </datafield>
</record>
